000 00660nam a22002537a 4500
001 BR9406901
003 BR-BrBNA
005 20230928094353.0
007 ta
008 230509b bl.||||| |||| 00| 0 por d
040 _aBR-BrBNA
_bpor
_cBiblioteca Nacional de Agricultura
041 _a(Por)
072 _aC20
090 _ C20 BR9406901
100 1 _aFreedrich, O.A.
245 1 _aComunicacao rural. Proposicao critica de uma nova concepcao
260 3 _aBrasilia, DF (Brasil):
_c1978.
300 _a68 p.
500 _a32 ref.
650 _aComunicacao
650 _aComunicacao de Massa
909 _a202309
_bLucia
_c55
_dLucia Elande
942 _cBK
999 _c50343
_d50343